Wartościowość pierwiastków chemicznych - Statystyki

Ogólne statystyki
  • Ten quiz został rozwiązany 1 078 razy
  • Średni wynik to 6 z 15
Statystyki odpowiedzi
Zagadnienie Odpowiedź % Poprawnych
Wodór I
91%
Glin III
88%
Sód I
64%
Wapń II
64%
Lit I
61%
Bar II
58%
Frans I
30%
Cez I
27%
Bor III
27%
Rad II
24%
Gal III
24%
Strant II
21%
Tal III
21%
Rubid I
15%
Ind III
12%
Nie znaleziono quizów pasujących do podanych kryteriów
Rozkład punktacji
Procent ludzi z każdym wynikiem
Percentyl według liczby udzielonych odpowiedzi
Twoja historia wyników
Nie rozwiązałeś tego quizu